Match the Monarchs Quiz Stats

 Plays Quiz not verified by Sporcle

Challenge
Share
Tweet
Embed
Score 0/28 Timer 10:00
0 Plays Today
% Correct
Benedict XVI
94.2%
Juan Carlos I
92.8%
Elizabeth II
92.8%
Akihito
91.3%
Carl XVI Gustaf
89.9%
Albert II (prince)
85.5%
Beatrix
85.5%
Harald V
79.7%
Margrethe II
75.4%
Albert II (king)
73.9%
Tupou VI
66.7%
Abdullah II
63.8%
Henri
63.8%
Hans-Adam II
60.9%
% Correct
Mohammed VI
60.9%
Mswati III
59.4%
Letsie III
56.5%
Abdullah bin Abdul'aziz
56.5%
Norodom Sihamoni
50.7%
Bhumibol Adulyadej
50.7%
Jigme Khesar Namgyel
46.4%
Hassanal Bolkiah
34.8%
Khalifa bin Zayed
33.3%
Qaboos bin Said
31.9%
Hamad bin Khalifa
31.9%
Sabah al-Ahmad
30.4%
Abdul Halim
18.8%
Hamad ibn Isa
15.9%

You're not logged in!

Compare scores with friends on all Sporcle quizzes.
OR
Log In

You Might Also Like...

Show Comments

Extras

Top Quizzes Today


Score Distribution

Your Account Isn't Verified!

In order to create a playlist on Sporcle, you need to verify the email address you used during registration. Go to your Sporcle Settings to finish the process.

Report this User

Report this user for behavior that violates our Community Guidelines.

Details: